Salva l'umanità indovinando i paesi - Statistics

Statistiche generali
  • Questo quiz è stato fatto 111 volte
  • Il punteggio medio è 5146 su 7811
Risposte nella Mappa
Le risposte nella mappa del quiz sottostante sono codificate secondo una scala di colori dal rosso al verde in base alla % di persone che hanno risposto correttamente.
 
Statistiche sulle risposte
population Country % Corretto
60,461,826 Italia
100%
1,447,470,092 Cina
98%
145,934,462 Russia
98%
83,783,942 Germania
96%
331,002,651 Stati Uniti
93%
45,195,774 Argentina
91%
212,559,417 Brasile
91%
67,515,709 Francia
91%
37,742,154 Canada
87%
1,380,004,385 India
87%
46,754,778 Spagna
87%
126,476,461 Giappone
82%
25,499,884 Australia
80%
128,932,753 Messico
80%
102,334,404 Egitto
64%
24,206,644 Niger
64%
67,886,011 Regno Unito
64%
273,523,615 Indonesia
62%
59,308,690 Sudafrica
62%
50,882,891 Colombia
58%
206,139,589 Nigeria
58%
19,116,201 Cile
56%
83,992,949 Iran
53%
37,507,899 Marocco
53%
220,892,340 Pakistan
53%
5,518,087 Repubblica del Congo
51%
89,561,403 Repubblica Democratica del Congo
51%
43,851,044 Algeria
49%
10,196,709 Portogallo
49%
34,813,871 Arabia Saudita
44%
40,222,493 Iraq
44%
32,971,854 Perù
44%
37,846,611 Polonia
42%
84,339,067 Turchia
42%
164,689,383 Bangladesh
40%
51,269,185 Corea del Sud
40%
109,581,078 Filippine
40%
10,099,265 Svezia
40%
69,799,978 Thailandia
40%
28,435,940 Venezuela
40%
3,278,290 Mongolia
38%
97,338,579 Vietnam
38%
17,134,872 Paesi Bassi
36%
3,473,730 Uruguay
36%
9,006,398 Austria
33%
10,423,054 Grecia
33%
43,849,260 Sudan
33%
11,589,623 Belgio
31%
25,778,816 Corea del Nord
31%
6,871,292 Libia
31%
32,365,999 Malesia
31%
20,250,833 Mali
31%
19,237,691 Romania
31%
43,733,762 Ucraina
31%
16,425,864 Ciad
29%
17,643,054 Ecuador
29%
114,963,588 Etiopia
29%
5,421,241 Norvegia
29%
7,132,538 Paraguay
29%
4,822,233 Nuova Zelanda
27%
11,818,619 Tunisia
27%
18,776,707 Kazakistan
24%
7,275,560 Laos
24%
33,931 San Marino
24%
8,654,622 Svizzera
24%
59,734,218 Tanzania
24%
38,928,346 Afghanistan
22%
11,673,021 Bolivia
22%
16,718,965 Cambogia
22%
5,540,720 Finlandia
22%
341,243 Islanda
22%
16,743,927 Senegal
22%
2,877,797 Albania
20%
11,326,616 Cuba
20%
4,937,786 Irlanda
20%
5,792,202 Danimarca
18%
53,771,296 Kenya
18%
39,242 Monaco
18%
31,255,435 Mozambico
18%
10,708,981 Repubblica Ceca
18%
15,893,222 Somalia
18%
11,193,725 Sud Sudan
18%
33,469,203 Uzbekistan
18%
32,866,272 Angola
16%
6,948,445 Bulgaria
16%
801 Città del Vaticano
16%
1,886,198 Lettonia
16%
27,691,018 Madagascar
16%
441,543 Malta
16%
2,540,905 Namibia
16%
29,136,808 Nepal
16%
9,660,351 Ungheria
16%
77,265 Andorra
13%
9,449,323 Bielorussia
13%
54,409,800 Birmania
13%
26,545,863 Camerun
13%
4,105,267 Croazia
13%
9,890,402 Emirati Arabi Uniti
13%
9,904,607 Honduras
13%
8,655,535 Israele
13%
12,952,218 Ruanda
13%
17,500,658 Siria
13%
2,078,938 Slovenia
13%
1,207,359 Cipro
11%
5,094,118 Costa Rica
11%
3,546,421 Eritrea
11%
31,072,940 Ghana
11%
17,915,568 Guatemala
11%
38,128 Liechtenstein
11%
625,978 Lussemburgo
11%
19,129,952 Malawi
11%
5,106,626 Oman
11%
6,926,908 Serbia
11%
5,459,642 Slovacchia
11%
45,741,007 Uganda
11%
29,825,964 Yemen
11%
14,862,924 Zimbabwe
11%
3,280,819 Bosnia ed Erzegovina
9%
555,987 Capo Verde
9%
1,326,535 Estonia
9%
2,722,289 Lituania
9%
4,314,767 Panama
9%
2,881,053 Qatar
9%
4,829,767 Repubblica Centrafricana
9%
5,850,342 Singapore
9%
21,413,249 Sri Lanka
9%
23,816,775 Taiwan
9%
18,383,955 Zambia
9%
11,890,784 Burundi
7%
26,378,274 Costa d'Avorio
7%
2,225,734 Gabon
7%
3,989,167 Georgia
7%
2,961,167 Giamaica
7%
13,132,795 Guinea
7%
11,402,528 Haiti
7%
1,810,463 Kosovo
7%
6,825,445 Libano
7%
4,649,658 Mauritania
7%
4,033,963 Moldavia
7%
10,824 Nauru
7%
198,414 Samoa
7%
586,632 Suriname
7%
9,537,645 Tagikistan
7%
105,695 Tonga
7%
6,031,200 Turkmenistan
7%
11,792 Tuvalu
7%
10,139,177 Azerbaijan
4%
397,628 Belize
4%
12,123,200 Benin
4%
771,608 Bhutan
4%
71,986 Dominica
4%
6,486,205 El Salvador
4%
896,445 Figi
4%
2,416,668 Gambia
4%
988,000 Gibuti
4%
10,203,134 Giordania
4%
786,552 Guyana
4%
686,884 Isole Salomone
4%
5,057,681 Liberia
4%
2,083,374 Macedonia del Nord
4%
6,624,554 Nicaragua
4%
8,947,024 Papua Nuova Guinea
4%
10,847,910 Repubblica Dominicana
4%
115,023 Stati Federati di Micronesia
4%
8,278,724 Togo
4%
307,145 Vanuatu
4%
97,929 Antigua e Barbuda
2%
2,963,243 Armenia
2%
1,701,575 Bahrain
2%
287,375 Barbados
2%
437,479 Brunei
2%
1,968,001 Guinea-Bissau
2%
59,190 Isole Marshall
2%
6,524,195 Kirghizistan
2%
119,449 Kiribati
2%
4,270,571 Kuwait
2%
2,142,249 Lesotho
2%
540,544 Maldive
2%
628,066 Montenegro
2%
18,094 Palau
2%
219,159 Sao Tome e Principe
2%
1,160,164 Swaziland
2%
1,318,445 Timor Est
2%
1,399,488 Trinidad e Tobago
2%
393,244 Bahamas
0%
2,351,627 Botswana
0%
20,903,273 Burkina Faso
0%
869,601 Comoros
0%
112,523 Grenada
0%
1,402,985 Guinea Equatoriale
0%
1,271,768 Mauritius
0%
53,199 Saint Kitts e Nevis
0%
110,940 Saint Vincent e Grenadine
0%
183,627 Santa Lucia
0%
98,347 Seychelles
0%
7,976,983 Sierra Leone
0%
Nessun quiz corrispondente trovato
Distribuzione punteggi
Percentuale di utenti per punteggio
Percentile per numero di risposta
I tuoi punteggi nel tempo
Non hai fatto questo quiz